Adolf Hitler, Adolf Hütter ou Adolphe Thiers ? - Statistiques

Statistiques générales
  • Ce quiz a été pris 46 fois
  • Le résultat moyen est 6 sur 10
Statistiques - réponses
Question Réponse % Correct
Est à l'origine d'un génocide. Adolf Hitler
98%
Se fait souvent appeler Adi. Adolf Hütter
88%
Est vivant. Adolf Hütter
81%
A dirigé au cours d'un régime nommé troisième… Adolf Hitler et Adolphe Thiers
72%
A connu deux siècles. Les 3
51%
A vécu au même moment que l'un deux autres. Aucun des 3
49%
Est né en Autriche. Adolf Hitler et Adolf Hütter
47%
S'est imposé (au moins un temps) à Paris. Adolf Hitler et Adolphe Thiers
40%
A fait de la prison. Adolf Hitler et Adolphe Thiers
37%
Est fortement lié à une ville sur la Méditerranée. Adolf Hütter et Adolphe Thiers
14%
Aucun quiz correspondant
Distribution des résultats
% des personnes avec chaque résultat
Percentile par nombre de réponses
Votre historique - résultats
Vous n’avez pas pris ce quiz